000
00265 a2200109 4500
090
_c
3359
_d
3359
100
_a
Cisco Systems,
245
_a
Internetworking Technologies Handbook,
250
_a
3rd Ed
260
_a
Techmedia New Delhi
942
_a
NBS
_c
BK
_k
004.67 CIS
999
_c
345841
_d
345841